000 00953nas a2200289 4500
001 BR0201789
003 BR-BrBNA
005 20231205102840.0
007 ta
008 230509b bl.|||p| |||| 00| 00por d
040 _aBR-BrBNA
_bpor
_cBiblioteca Nacional de Agricultura
041 _a(Pt)
072 _aH10; H20
100 1 _aVieira, M.R.
100 1 _aCorrea, L.S.
245 1 _aOcorrência de moscas brancas (Hemiptera: Aleyrodidae)e do predador Delphastus pusillus (LeConte)(Coleoptera: Coccinellidae)em mamoeiro (Carica papaya L.)sob cultivo em ambiente protegido
650 _aInseto
650 _aMosca Branca
650 _aPraga de Planta
650 _aMamão
650 _aMato Grosso do Sul
650 _aFumagina
650 _aDoença de Planta
773 0 _tNeotropical Entomology (Brazil)
_xISSN 0301-8059
_g(Mar 2001), v. 30(1) p. 171-173
_wBR0201789
909 _a202311
_bLúcia
_c55
_dLúcia Elande
942 _2AGRIS
_n0
_cANA
999 _c169685
_d169685